Los reintegros y la diversificacion de las exportaciones /

Gorde:
Xehetasun bibliografikoak
Beste egile batzuk: Seijo
Formatua: Liburua
Hizkuntza:Spanish
Argitaratua: [Montevideo] : F.C.U., [1978].
Saila:Temas de economia ; 1
Gaiak:
LEADER 01192nam a2200325 i 4500
001 c000241866
003 CARM
005 00000000000000.0
008 840306s1978 uy b 000 0 spa d
019 1 |a 1472408  |z 41555269  |5 LACONCORD2021 
035 |a (OCoLC)5263351  |5 LACONCORD2021 
041 0 |a spa 
043 |a s-uy--- 
045 |a x6x7 
082 0 4 |a 382.609895 
245 0 4 |a Los reintegros y la diversificacion de las exportaciones /  |c Seijo [et al.]. 
260 |a [Montevideo] :  |b F.C.U.,  |c [1978]. 
300 |a 302p. 
440 0 |a Temas de economia ;  |v 1 
500 |a Cover title. 
504 |a Bibliography: p.[297]-302. 
650 0 |a Foreign trade promotion  |z Uruguay. 
650 0 |a Export subsidies  |z Uruguay. 
651 0 |a Uruguay  |x Commercial policy. 
700 1 |a Seijo. 
852 8 |b CARM  |h A1:AP19B0  |i C09245  |p 0373708  |f BK 
852 8 |b CARM  |h A1:AM04E0  |i C09989  |p 0424215  |f BK 
999 f f |i 6e7771de-7d09-5ddb-a2bf-18d76715ad77  |s 7feee4f5-0168-5f13-becc-cf3fcb3b72e3 
952 f f |p Can circulate  |a CAVAL  |b CAVAL  |c CAVAL  |d CARM 1 Store  |e C09989  |f A1:AM04E0  |h Other scheme  |i book  |m 0424215 
952 f f |p Can circulate  |a CAVAL  |b CAVAL  |c CAVAL  |d CARM 1 Store  |e C09245  |f A1:AP19B0  |h Other scheme  |i book  |m 0373708